000 01243nam a2200349 4500
001 191534
003 SpMaBN
005 20250727150808.0
008 220927s1995 sp | ||| ||spa
016 7 _abimoBNE19960123129 [
_2SpMaBN]
017 _aM 29159-1994
_bOficina Depósito Legal Madrid
020 _a84-86688-98-1
035 _a(OCoLC)51816942
040 _aSpMaBN
_bspa
_cSpMaBN
_erdc
080 _a025.45 CDU (083.74)
100 1 _aMcIlwaine, Ia.
_9175277
245 1 0 _aGuía para uso de la CDU :
_bClasificación Decimal Universal : una guía introductoria para el uso y aplicación de la CDU /
_cpor I.C. McIlwaine, con participación de A. Buxton.
250 _aEd. en castellano.
260 _a[Madrid] :
_bAENOR,
_c[1994]
300 _a121 p. ;
_c30 cm.
490 1 _aFID ;
_vn. 703
594 _a121 p. ;
594 _aTít. tomado de la cub.
594 _aPrecede al tít.: UDC Consortium
650 7 _aClasificación decimal universal
_2embne
_9164660
830 1 _aFID ;
_vn. 703
_9226037
830 0 _aFID publication ;
_vno. 703.
_9226038
852 _aES-MaACL
_jA-15124
_9 198782
_cDEPO1
_dOlim: 025.45 CDU MCI gui
942 _2udc
999 _c191534
_d191534